• 首页
  • 本馆介绍
  • 公告通知
  • 最新文献
  • 馆藏检索
  • 电子资源
  • 读者导购
  • 参考咨询
  • 我的图书馆
  • 登录
  • 详细信息显示
  • 放入我的书架
  • 预约/预借图书
  • 作者相关作品
  • 分类相关作品
  • 丛书相关作品
  • 出版社相关作品

书目信息

  • 表格格式
  • 工作单格式
  • 卡片格式
题名:
古诗词里的动物植物
    
 
作者: 石润宏 著
分册:  
出版信息: 北京   中华书局  2021.06
页数: 201页
开本: 21cm
丛书名: 古诗词里的博物志
单 册:
中图分类: I207.227.2 , Q95-49
科图分类:
主题词: 古典诗歌--gu dian shi ge--诗歌欣赏--中国--青少年读物 , 动物--dong wu--青少年读物 , 植物--zhi wu--青少年读物
电子资源:
ISBN: 978-7-101-15208-1
000 01286nam 2200313 450
001 CAL 0120217198405
005 20230217093112.0
010    @a978-7-101-15208-1@dCNY35.00
100    @a20210630d2021 cemy0chiy0120 ea
101 0  @achi
102    @aCN@b110000
105    @aa z 000yy
106    @ar
200 1  @a古诗词里的动物植物@Agu shi ci li de dong wu zhi wu@e发现隐藏在古诗词里的博物知识@f石润宏著
210    @a北京@c中华书局@d2021.06
215    @a201页@c彩图@d21cm
225 2  @a古诗词里的博物志@Agu shi ci li de bo wu zhi
314    @a石润宏, 文学博士, 安徽师范大学文学院讲师。
330    @a全书不仅有通俗易懂的古诗词赏析, 还趣味讲解诗词中提到的动物的生活习性、植物的生长习性, 而且引经据典, 生动道出动植物背后的传统文化典故。内容包括: 采薇: 薇是一种什么样的植物? ; 自牧归荑, 洵美且异: 古人为什么把茅草当礼物? 等。
410  0 @12001 @a古诗词里的博物志
517 1  @a发现隐藏在古诗词里的博物知识@Afa xian yin cang zai gu shi ci li de bo wu zhi shi
606 0  @a古典诗歌@Agu dian shi ge@x诗歌欣赏@y中国@j青少年读物
606 0  @a动物@Adong wu@j青少年读物
606 0  @a植物@Azhi wu@j青少年读物
690    @aI207.227.2@v5
690    @aQ95-49@v5
701  0 @a石润宏@Ashi run hong@4著
801  0 @aCN@bBJXHZP@c20230228
905    @b1407433-4@dI207.227.2@e1514@f2
    
    古诗词里的动物植物:发现隐藏在古诗词里的博物知识/石润宏著.-北京:中华书局,2021.06
    201页:彩图;21cm.-(古诗词里的博物志)
    
    
    ISBN 978-7-101-15208-1:CNY35.00
    全书不仅有通俗易懂的古诗词赏析, 还趣味讲解诗词中提到的动物的生活习性、植物的生长习性, 而且引经据典, 生动道出动植物背后的传统文化典故。内容包括: 采薇: 薇是一种什么样的植物? ; 自牧归荑, 洵美且异: 古人为什么把茅草当礼物? 等。
●
相关链接 在E读中查询图书 在五车中查询图书 在当当中查询图书 在豆瓣中查询图书


正题名:古诗词里的动物植物     索取号:I207.227.2/1514         预约/预借

序号 登录号 条形码 馆藏地/架位号 状态 备注
1 1407433   214074339   第一样本阅览室/ [索取号:I207.227.2/1514] 在馆    
2 1407434   214074348   第二借阅区/ [索取号:I207.227.2/1514] 在馆    
唐山师范学院图书馆 欢迎您!
大连网信软件有限公司© 版权所有